000 00448nam a2200157 i 4500
001 92408
003 ES-MaACL
007 t|
008 050307s1953 sp ||||1| spa d
100 1 _aLinares, Luisa-María.
_972339
245 1 0 _aHay otros hombres
_b: (siete novelas cortas) /
_cLuisa-María Linares.
250 _a[1ª ed.].
260 _aBarcelona :
_bJuventud,
_c[1953]
300 _a191 p. ;
_c20 cm.
852 _aES-MaACL
_jC-6249
_bR.35006
999 _c92408
_d92408